00777nam a22001457a 4500008004100000020001800041050001500059100002200074245009500096260005200191300003300243500004300276505028800319700002400607180802b xxu||||| |||| 00| 0 eng d a9781133582953 aHD30.4.G74 aGriffin, Ricky W. aManagement skills: assessment and development. /cRicky W. Griffin and David D. Van Fleet. aLondon :bSouth-Western Cengage Learning,c2014 axix, 430p. :bill. ;c28 cm. aIncludes appendix, glossary and index. aContents: Basic management skills -- Learning and developing management skills -- Time-management skills -- Interpersonal skills -- Conceptual skills -- Diagnostic skills -- Communication skills -- Decision-making skills -- Technical skills -- Transitioning from managing to leading. aVan Fleet, David D.